Statistics for 2012 Song Lyrics

Click here to take the quiz!

General Stats

  • This quiz has been taken 12,783 times
    (12,759 since last reset)
  • The average score is 6 of 10

Answer Stats

HintAnswer% Correct
'Give me just a second, I need to get my story straight, my friends are in the bathroom getting higher than The Empire State'.We Are Young
85%
'I threw a wish in the well, don't ask me, I'll never tell'.Call Me Maybe
84%
'You're insecure, don't know what for, you're turning heads as you walk through the door'.What Makes You Beautiful
70%
'Let's go to the beach, let's go get away, they say what they gonna say'.Starships
68%
'You didn't have to cut me off, have your friends collect your records and then change your number'.Somebody That I Used To Know
68%
'I let it fall, my heart, and as it fell you rose to claim it'.Set Fire To The Rain
52%
'I thought you moved to West L.A., New York or Santa Fe, just to get away from me'.Drive By
43%
'You cast a spell on me, so I decided you look well on me, you and me'.Glad You Came
36%
'Rock my world into the sunlight, make this dream the best I've ever known'.Domino
27%
'I just want to throw my phone away, find out who is really there for me'.Part Of Me
26%

Score Distribution

Percentile by Number Answered

Percent of People with Each Score

Your Score History

You have not taken this quiz since the last reset